5 Dutch cities with their flags (Easy) - Statistics

General Stats
  • This quiz has been taken 18 times
  • The average score is 4 of 5
Answer Stats
Picture Answer % Correct
Amsterdam
100%
Den Haag
80%
Rotterdam
80%
Groningen
47%
Leeuwarden
47%
No matching quizzes found
Score Distribution
Percent of People with Each Score
Percentile by Number Answered
Your Score History
You have not taken this quiz